000 00471nam a2200169Ia 4500
008 240729s9999 xx 000 0 und d
022 _a2675-3626
245 0 _aArchives of Pediatric Neurosurgery
260 _aBrazil
260 _bBrazilian Society for Pediatric Neurosurgery
650 _a Pediatrics | Medicine
650 _a Surgery
650 _aMedicine
856 _uhttps://doaj.org/toc/2e3bf580eeee4f108a810124cfa1fe6c
942 _2ddc
942 _cDOAJEJ
999 _c69588
_d69588
945 _a1
_bMadushi Gamage
_c1
_dMadushi Gamage